Quels sont ces monuments ? - Statistiques

Statistiques générales
  • Ce quiz a été pris 217 fois
    166 depuis la dernière actualisation
  • Le résultat moyen est 4 sur 12
Statistiques - réponses
Par images Réponse % Correct
Taj Mahal
90%
Machu Picchu
88%
Stonehenge
60%
Etretat
58%
Chichén itzà
37%
Nazca
25%
Cadillac Ranch
2%
Mesa Park
2%
Denali
1%
Sacsayhuaman
1%
Ze Fork
1%
Les Ocres de Rustel
0%
Aucun quiz correspondant
Distribution des résultats
% des personnes avec chaque résultat
Percentile par nombre de réponses
Votre historique - résultats
Vous n’avez pas pris ce quiz depuis la dernière actualisation